000 00841nam a2200289Ia 4500
005 20250425161901.0
008 250425s9999 xx 000 0 und d
020 _a84808838563
041 _aspa
043 _asp
082 _a338.52
100 _aFLETCHER, TONY
245 0 _aPOLITICA DE PRECIOS: COMO CREAR EL MAXIMO VALOR A TRAVES DE UNA FIJACION DE PRECIOS EFECTIVA
250 _a1A ED.
260 _aBARCELONA
260 _aEspaña
_bGESTION 2000
_c2000
300 _a248
500 _aTítulo Traducido: VALUE PRICING .HOW TO MAXIMIZE PROFITS THROUGH EFFECTIVE PRICING POLICIES
650 _aCLIENTES
650 _aESTRATEGIAS
650 _aFIJACION DE PRECIOS
650 _aPOLITICA DE PRECIOS
700 _aADRIA DE GISPERT RAMIS
_etraductor
710 _aGESTION 2000 S.A.
942 _c01
010 _a33767
999 _c218109
_d218109